UEFA Conference League Top 4 - Statistics

General Stats
  • This quiz has been taken 1,143 times
    310 since last reset
  • The average score is 9 of 14
Answer Stats
Team % Correct
Chelsea
95%
ACF Fiorentina
94%
West Ham United
92%
AS Roma
87%
Real Betis Balompié
86%
Olympiacos
81%
Aston Villa
64%
Feyenoord
58%
Djurgårdens IF
37%
Olympique de Marseille
36%
FC Basel 1893
31%
Leicester City
31%
Alkmaar Zaanstreek
30%
Club Brugge
29%
No matching quizzes found
Score Distribution
Percent of People with Each Score
Percentile by Number Answered
Your Score History
You have not taken this quiz since the last reset